000 00746nam a2200241 4500
003 OSt
005 20260601193527.0
008 260421b1978 sp a|||| |||| 00| 0 spa d
020 _a8425208939
040 _aICI
_bspa
_cICI
050 _aN7430
_bD36
100 1 _aDaucher, Hans,
_936006
245 1 _aVision artistica y vision racionalizada /
_cHans daucher ; version castellana de Michael faber-kaiser
264 _bGustavo Gili,
_c1978
_aBarcelona ; México :
300 _a186 páginas
_c20.9 cm.
336 _atexto
_2rdacontent
337 _asin medio
_2rdamedia
338 _avolumen
_2rdacarrier
490 0 _aColección comunicación visual
650 _aArte
_xTécnica
_936007
650 _aForma (Estética)
_936008
942 _2lcc
_cB
999 _c21242
_d21242